China, rural processing technology : (Record no. 18884)
[ view plain ]
| 000 -LEADER | |
|---|---|
| fixed length control field | 00659cam a2200169 i 4500 |
| 020 ## - INTERNATIONAL STANDARD BOOK NUMBER | |
| ISBN | 9251007284 (pbk.) |
| 040 ## - CATALOGING SOURCE | |
| Transcribing agency | DLC |
| 082 00 - DEWEY DECIMAL CLASSIFICATION NUMBER | |
| Classification number | 338 FOO 1979 C153 Or. |
| 245 00 - TITLE STATEMENT | |
| Title | China, rural processing technology : |
| Remainder of title | the role of country, commune, and brigade enterprises in China's rural development / |
| 260 ## - PUBLICATION, DISTRIBUTION, ETC. (IMPRINT) | |
| Place of publication | Rome : |
| Name of publisher | Food and Agriculture Organization of the United Nations, |
| Year of publication | 1979. |
| 300 ## - PHYSICAL DESCRIPTION | |
| Number of Pages | xi, 63 p. : |
| Other physical details | map ; |
| Dimensions | 28 cm. |
| 490 1# - SERIES STATEMENT | |
| Series statement | FAO agricultural services bulletin ; |
| 650 #0 - SUBJECT ADDED ENTRY--TOPICAL TERM | |
| Topical Term | Food industry and trade |
| 710 2# - ADDED ENTRY--CORPORATE NAME | |
| Corporate name or jurisdiction name as entry element | Food and Agriculture Organization of the United Nations. |
| 710 2# - ADDED ENTRY--CORPORATE NAME | |
| Corporate name or jurisdiction name as entry element | United Nations Development Programme. |
| 942 ## - ADDED ENTRY ELEMENTS (KOHA) | |
| Koha item type | ADB |
No items available.